Music Quiz

Random Music or Lyrics Quiz

Guess the Lyrics: Spring Awakening 3 Quiz Stats

 Plays Quiz not verified by Sporcle

Also try: Oompa Loompa Song
Challenge
Share
Tweet
Embed
Score 0/123 Timer 10:00
0 Plays Today
Lyric % Correct
the
96.2%
the
96.2%
a
96.2%
the
96.2%
the
96.2%
I
88.8%
you
80.1%
you
80.1%
you
80.1%
you
80.1%
you
80.1%
you?
80.1%
you
80.1%
O,
75.6%
O,
75.6%
O,
75.6%
O,
75.6%
O,
75.6%
O,
75.6%
O,
75.6%
O,
75.6%
my
73.1%
my
73.1%
my
73.1%
my
73.1%
my
73.1%
of
72%
of
72%
be
71.8%
be
71.8%
be
71.8%
be
71.8%
be
71.8%
be
71.8%
all
69.9%
all
69.9%
your
69.5%
your
69.5%
your
69.5%
your
69.5%
your
69.5%
Lyric % Correct
in
66.3%
I'm
65.9%
I'm
65.9%
I'm
65.9%
I'm
65.9%
I'm
65.9%
I'm
65.9%
word
65.7%
body?
65.7%
word
65.7%
word
65.7%
gonna
64.8%
gonna
64.8%
gonna
64.8%
gonna
64.8%
gonna
64.8%
gonna
64.8%
gonna
64.8%
gonna
64.8%
you're
64%
you're
64%
wound
63.4%
wound
63.4%
heard
62.9%
heard
62.9%
heard
62.9%
Haven't
62.7%
Haven't
62.7%
bruise
62.7%
bruise
62.7%
Haven't
62.7%
bruise
62.7%
bruise
62.7%
wounded
62.5%
wounded
62.5%
Just
59.8%
with
59.8%
with
59.8%
Just
59.8%
with
59.8%
this
59.7%
Lyric % Correct
this
59.7%
want
59.3%
too
59.1%
too
59.1%
How
58.5%
lips
57.2%
some
57.2%
some
57.2%
wanting?
56.1%
unreal,
55.5%
Watching
55.5%
unreal
55.5%
Watching
55.5%
her
55.1%
her
55.1%
from
54.9%
fingertips
54.9%
like
54.7%
words
54%
fall
53.2%
at
52.8%
girl
51.1%
his
50.9%
little
50.8%
world
50.8%
Grasping
50.6%
pearls
50.6%
tease
50%
hand
49.8%
Don't
48.7%
Playing
48.3%
fantasies
47.7%
Holding
47.3%
through
47.3%
thing,
46.6%
slip
46.4%
hypotheses
46.2%
feel
45.3%
wish
44.7%
fist
44.1%
Baiting
43.8%

You're not logged in!

Compare scores with friends on all Sporcle quizzes.
OR
Log In

You Might Also Like...

Show Comments

Extras

Top Quizzes Today


Score Distribution

Your Account Isn't Verified!

In order to create a playlist on Sporcle, you need to verify the email address you used during registration. Go to your Sporcle Settings to finish the process.

Report this User

Report this user for behavior that violates our Community Guidelines.

Details: